Shift in Indian Politics (Record no. 6757)

MARC details
000 -LEADER
fixed length control field 00646nam a2200241 a 4500
020 ## - INTERNATIONAL STANDARD BOOK NUMBER
ISBN
082 00 - DEWEY DECIMAL CLASSIFICATION NUMBER
Classification number 320.0954
Author Cutter MAT
100 ## - MAIN ENTRY--AUTHOR NAME
Author name Mathew, George
245 ## - TITLE STATEMENT
Title Shift in Indian Politics
Sub title 1983 Elections in A. P. and Karnataka
260 ## - PUBLICATION, DISTRIBUTION, ETC. (IMPRINT)
Place of publication Bangalore
Name of publisher Christian Instt.For Study of Religion
Year of publication 1984
300 ## - PHYSICAL DESCRIPTION
Number of Pages 185p
500 ## - GENERAL NOTE
General note includes index and biblioraphy
505 2# - FORMATTED CONTENTS NOTE
Formatted contents note Index
650 ## - SUBJECT ADDED ENTRY--TOPICAL TERM
Topical Term India-Politics and Government
942 ## - ADDED ENTRY ELEMENTS (KOHA)
Koha item type Books
700 1# -
-- Mathew, George
Holdings
Collection code Home library Current library Date acquired Cost, normal purchase price Full call number Accession Number Koha item type
  Henry Martyn Institute Library Henry Martyn Institute Library 04/05/2007 70.00 320.0954 MAT 011307 Books
                   Copyright © 2026 | Henry Martyn Institute | Hyderabad | TS-500052 | INDIA | Implemented by hmi.edu.in
Hit-Count:

Powered by Koha